Countries With Split Borders - Statistics

General Stats
  • This quiz has been taken 3,161 times
  • The average score is 14 of 26
Answer Stats
Country # Country % Correct
Russia 2 China
95%
China 3 India
90%
China 2 Russia
90%
India 3 China
86%
United States 2 Canada
79%
France 2 Spain
76%
Canada 2 United States
74%
Spain 3 Morocco
71%
Spain 2 France
71%
Indonesia 2 East Timor
57%
Malaysia 2 Brunei
55%
Morocco 3 Spain
47%
DR of Congo 2 Angola
45%
Iran 2 Azerbaijan
45%
Argentina 2 Chile
42%
Chile 2 Argentina
42%
Brunei 2 Malaysia
40%
East Timor 2 Indonesia
37%
Ukraine 2 Romania
37%
Armenia 6 Azerbaijan
34%
Azerbaijan 6 Armenia
33%
Azerbaijan 2 Iran
33%
Angola 2 DR of Congo
31%
Romania 2 Ukraine
28%
Oman 3 United Arab Emirates
21%
United Arab Emirates 3 Oman
21%
No matching quizzes found
Score Distribution
Percent of People with Each Score
Percentile by Number Answered
Your Score History
You have not taken this quiz